My Shot Hamilton (All Lyrics) - Statistics

General Stats
  • This quiz has been taken 220 times
  • The average score is 771 of 1087
Answer Stats
Lyrics % Correct
a
100%
A
100%
I
100%
my
100%
shot
100%
am
99%
Ayo
99%
'n
99%
no
99%
not
99%
Not
99%
Yo
99%
you
99%
You
99%
an
98%
and
98%
And
98%
away
98%
I'm
97%
throwin'
97%
young
97%
hungry
96%
just
96%
like
96%
country
95%
scrappy
95%
The
91%
the
91%
to
91%
To
91%
get
90%
He
88%
he
88%
in
88%
In
88%
go
87%
of
87%
but
86%
But
86%
me
86%
King
85%
be
83%
College
82%
do
82%
is
82%
Is
82%
it
82%
King's
82%
on
82%
got
81%
as
80%
scholarship
80%
are
79%
Are
79%
know
79%
so
79%
So
79%
We
79%
we
79%
gonna
78%
that
78%
ever
77%
this
77%
With
77%
with
77%
WIth
77%
brag
76%
every
76%
Every
76%
your
76%
let
75%
hear
74%
when
74%
When
74%
will
74%
free
73%
it's
73%
It's
73%
lot
73%
shouldn't
73%
A-L-E-X-A-N-D-E-R
72%
diamond
72%
if
72%
If
72%
meant
72%
These
72%
these
72%
us
72%
out
71%
Then
71%
astonish
70%
coal
70%
have
70%
Have
70%
never
70%
polish
70%
rough
70%
run
70%
say
70%
take
70%
Take
70%
colony
69%
don't
69%
Don't
69%
gotta
69%
or
69%
Or
69%
probably
69%
knowledge
68%
piece
68%
time
68%
Time
68%
brains
67%
drop
67%
his
67%
keep
67%
New
67%
Oh
67%
word
67%
George
66%
make
66%
I'ma
65%
life
65%
mind
65%
older
65%
see
65%
See
65%
19
64%
amaze
64%
independently
64%
Only
64%
runs
64%
shiny
64%
some
64%
revolution
63%
street
63%
there
63%
what
63%
What
63%
York
63%
you're
63%
heard
62%
How
62%
how
62%
'onarchy
62%
'Onarchy
62%
shoulder
62%
talk
62%
they
62%
walk
62%
Anarchy
61%
City
61%
without
61%
colder
60%
down
60%
endless
60%
I've
60%
name
60%
power
60%
speech
60%
streets
60%
disadvantage
59%
dream
59%
manage
59%
spendin'
59%
spree
59%
book
58%
century
58%
goal
58%
learned
58%
monarchy
58%
reach
58%
set
58%
tax
58%
around
57%
Britain
57%
die
57%
famished
57%
mentions
57%
pants
57%
plan
57%
problem
57%
says
57%
shittin'
57%
spell
57%
black
56%
Let's
56%
let's
56%
think
56%
unimpeachable
56%
burden
55%
endlessly
55%
Enter
55%
gun
55%
keeps
55%
panicky
55%
right
55%
shocked
55%
Tryin'
55%
turns
55%
where
55%
Where
55%
all
54%
Burr
54%
damn
54%
first
54%
gettin'
54%
relentlessly
54%
we'll
54%
ain't
53%
flame
53%
into
53%
lay
53%
lower
53%
side
53%
those
53%
truly
53%
up
53%
apprentice
52%
Essentially
52%
France
52%
hot
52%
I'll
52%
lead
52%
look
52%
voices
52%
ya
52%
you'll
52%
double
51%
Meanwhile
51%
other
51%
rights
51%
sets
51%
tailor's
51%
choices
50%
crowd
50%
dang
50%
dark
50%
fight
50%
holler
50%
Lafayette
50%
Laurens
50%
same
50%
too
50%
unrest
50%
Until
50%
wait
50%
parentheses
49%
situation
49%
trouble
49%
another
48%
battalion
48%
brandish
48%
chance
48%
Eventually
48%
Rise
48%
rise
48%
spark
48%
y'all
48%
'cause
47%
descendants
47%
front
47%
Geniuses
47%
guy
47%
Lancelot
47%
'til
46%
at
45%
friends
45%
hard
45%
loud
45%
promise
45%
proud
45%
You've
45%
advance
44%
bondage
43%
check
43%
had
43%
instead
43%
one
43%
sewin'
43%
socially
43%
stallion
43%
Mister
42%
talkin'
42%
brother
41%
death
41%
fan
41%
odds
41%
over-excited
41%
rock
41%
before
40%
group
40%
I'd
40%
much
40%
off
40%
pot
39%
Sometimes
39%
for
38%
For
38%
fraught
38%
from
38%
kettle
38%
knuckleheads
38%
past
38%
rebellion
38%
spot
38%
Tell
38%
joinin'
36%
mouth
36%
sister
36%
ammunition
35%
Come
35%
come
35%
gods
35%
he's
35%
imagine
35%
memory
35%
put
35%
she's
35%
yeah
35%
Yeah
35%
carefully
34%
shoot
34%
thought
34%
Ayo
33%
beat
33%
callin'
33%
colonies
33%
feels
33%
knees
33%
more
33%
show
33%
taught
33%
that's
33%
Whoa
33%
whoa
33%
half
32%
live
32%
many
32%
parentis
32%
would
32%
hist'ry
31%
livin'
31%
20
30%
loco
30%
our
30%
than
30%
When's
30%
ascendancy
29%
blacker
29%
feet
29%
Give
29%
why
29%
ahead
28%
hey
28%
melody
28%
moment
28%
movement
28%
position
28%
revolutionary
28%
Seven
28%
sleep
28%
win
28%
bunch
27%
sally
27%
comin'
26%
last
24%
hatch
23%
plot
23%
rooftops
22%
Ask
21%
Scratch
21%
shout
21%
wisdom
21%
fast
20%
said
20%
Said
20%
sing
20%
brothers
19%
conventional
19%
laugh
19%
prove
19%
somethin'
19%
Everybody
18%
hungriest
18%
plenty
18%
stand
18%
tomorrow
18%
abolitionists
17%
anybody
17%
land
17%
We're
17%
act
16%
blood
16%
'em
16%
need
16%
readin'
16%
state
16%
What's
16%
independence
15%
Moses
15%
nation
15%
thinkin'
15%
went
15%
been
14%
writin'
14%
action
13%
between
13%
Cycle
13%
flask
13%
freedom
13%
patiently
13%
Poppin'
13%
promised
13%
excitin'
12%
fightin'
12%
honest
12%
Jesus
12%
shed
12%
states
12%
vengeance
12%
waitin'
12%
bleedin'
11%
claimin'
11%
manumission
11%
oppose
11%
squat
11%
Foes
10%
guarantee
10%
roll
10%
whoa-whoa
10%
woo
10%
begin
9%
expectation
9%
face
9%
financial
9%
handle
9%
Smashin'
9%
sorrow
8%
creation
7%
defendants
7%
laughin'
7%
action's
6%
casualties
6%
passionately
6%
No matching quizzes found
Score Distribution
Percent of People with Each Score
Percentile by Number Answered
Your Score History
You have not taken this quiz